=LDR 00000nam 2200000 4500 =001 NUTBA000000000000915 =005 20200207021245 =035 ##$$a 0010-041400000000185 =008 200207################g##########0#ind## =020 ##$$a 978-979-769-335-0 =082 ##$$a 060 =245 ##$$a Panduan praktis seminar /$c Indra Yuzal...[et.al...] =260 ##$$a Jakarta :$b Raja press,$c 2013 =440 ##$$aPANDUAN PRAKTIS SEMINAR =084 ##$$a 060 PAN =250 ##$$a Ed. 1,Cet. 3 =300 ##$$a Xxii, 184 hlm : $b Ilus ; $c 21 x 14 cm. =650 #4$$a Konggres dan konvensi - Pedoman =504 ##$$a Bibliografi: hlm. 181-182 =990 ##$$a 92788/BPAP-NTB/2014 =990 ##$$a 21304017 =990 ##$$a 0001/BPAP-NTB/20142014 =990 ##$$a 21304014 =990 ##$$a 21304018 =990 ##$$a 21304018 =990 ##$$a 92788/BPAP-NTB/2014 =990 ##$$a 21304017 =990 ##$$a 0001/BPAP-NTB/20142014 =990 ##$$a 21304014 =990 ##$$a 21304018 =990 ##$$a 92788/BPAP-NTB/2014 =990 ##$$a 21304017 =990 ##$$a 0001/BPAP-NTB/20142014 =990 ##$$a 21304014 =990 ##$$a 0001/BPAP-NTB/20142014 =990 ##$$a 92788/BPAP-NTB/2014 =990 ##$$a 21304017 =990 ##$$a 21304014 =990 ##$$a 21304018 =990 ##$$a 92788/BPAP-NTB/2014 =990 ##$$a 21304017 =990 ##$$a 0001/BPAP-NTB/20142014 =990 ##$$a 21304014 =990 ##$$a 21304018